Transferencia y lo social /

La transferecnia desde que fue introducida en el cuerpo teórico y operativo del psicoanálisis, ha desencadenando una serie de presupuestos sobre su estructura. Dinámica y experiencia. Desde Freud hasta Lacan. La transferencia se ha convertido en el escenario del despliegue de lo inconsciente en el t...

Full description

Bibliographic Details
Main Author: Plá Caballero, Ignacio
Format: Analitica de revista
Published: Santiago, Chile Universidad Academia de Humanismo Cristiano. Escuela de Educación 2009
Subjects:
Online Access:Disponible en línea (PDF). Biblioteca Digital UAHC

MARC

LEADER 00000cab a2200000 a 4500
001 027296
003 UAHC_CL
005 20210909175939.0
008 100308b cl 000 esp
040 |a UAHC_CL  |c UAHC_CL  |d UAHC_CL 
100 1 |a Plá Caballero, Ignacio 
245 1 0 |a Transferencia y lo social /  |c Ignacio Plá Caballero. 
260 |b Universidad Academia de Humanismo Cristiano. Escuela de Educación  |c 2009  |a Santiago, Chile 
300 |a p. 55-62 
500 |a En: Castalia, Revista de psicología de la Academia, nº16, 2009. p. 55-62. ISSN: 07174985. 
500 |a En: Castalia, Revista de psicología de la Academia, nº16, 2009. p. 55-62. ISSN: 07174985. 
520 |a La transferecnia desde que fue introducida en el cuerpo teórico y operativo del psicoanálisis, ha desencadenando una serie de presupuestos sobre su estructura. Dinámica y experiencia. Desde Freud hasta Lacan. La transferencia se ha convertido en el escenario del despliegue de lo inconsciente en el tratamiento de los pacientes. Si el sujeto en análisis es un sujeto que es más allá de lo contingente, se estima que lo sociocultural historizado en cada sujeto toma formas en la transferencia que deben ser consideradas, especialmente en un psicoanálisis comprometido con lo social. 
520 |a La transferecnia desde que fue introducida en el cuerpo teórico y operativo del psicoanálisis, ha desencadenando una serie de presupuestos sobre su estructura. Dinámica y experiencia. Desde Freud hasta Lacan. La transferencia se ha convertido en el escenario del despliegue de lo inconsciente en el tratamiento de los pacientes. Si el sujeto en análisis es un sujeto que es más allá de lo contingente, se estima que lo sociocultural historizado en cada sujeto toma formas en la transferencia que deben ser consideradas, especialmente en un psicoanálisis comprometido con lo social. 
650 4 |a HISTORICISMO 
650 4 |a PSICOANALISIS 
650 4 |a SUJETO 
759 |a PP035 
773 0 |t Castalia : Revista de psicología de la Academia.  |w 027192 
856 |u http://bibliotecadigital.academia.cl/xmlui/handle/123456789/2937  |3 Disponible en línea (PDF). Biblioteca Digital UAHC  |y Disponible en línea (PDF). Biblioteca Digital UAHC 
856 |u http://bibliotecadigital.academia.cl/xmlui/handle/123456789/2937  |3 Disponible en línea (PDF). Biblioteca Digital UAHC  |y Disponible en línea (PDF). Biblioteca Digital UAHC 
900 |a CASTALIA-16/09 
942 |c REVA 
952 |0 0  |1 0  |4 0  |6 CASTALIA_16_09_000000000000000  |7 0  |8 General  |9 54562  |a BC  |b BC  |c General  |d 2017-08-03  |l 0  |o CASTALIA-16/09  |p FICTICIO1614  |r 2019-01-08 00:00:00  |t 1  |w 2017-08-03  |y REVA 
999 |c 27296  |d 27296